000 00316nam a22001337a 4500
008 171010b xxu||||| |||| 00| 0 eng d
020 _a9780684842318
041 _aeng
080 _a316
100 _a50
101 _aSOC
245 _aOUR BODIES OURSELVES FOR THE NEW CENTURY
_cJAAMES.D
942 _2udc
_cBK
999 _c32922
_d32922